Control theory : twenty-five seminal papers (1931-1981) (Record no. 12043)

000 -LEADER
fixed length control field 01415cam a22003374a 4500
001 - CONTROL NUMBER
control field 12087140
005 - DATE AND TIME OF LATEST TRANSACTION
control field 20170105102353.0
008 - FIXED-LENGTH DATA ELEMENTS--GENERAL INFORMATION
fixed length control field 000630s2001 nyua b 001 0 eng
010 ## - LIBRARY OF CONGRESS CONTROL NUMBER
LC control number 00058171
020 ## - INTERNATIONAL STANDARD BOOK NUMBER
International Standard Book Number 0780360214
040 ## - CATALOGING SOURCE
Original cataloging agency DLC
Transcribing agency DLC
Modifying agency DLC
042 ## - AUTHENTICATION CODE
Authentication code pcc
050 00 - LIBRARY OF CONGRESS CALL NUMBER
Classification number TJ213.7
Item number .C66 2001
082 00 - DEWEY DECIMAL CLASSIFICATION NUMBER
Classification number 629.8
Edition number 21
245 00 - TITLE STATEMENT
Title Control theory : twenty-five seminal papers (1931-1981)
Remainder of title twenty-five seminal papers (1931-1981)
Statement of responsibility, etc. Tamer Başar.
260 ## - PUBLICATION, DISTRIBUTION, ETC.
Place of publication, distribution, etc. New York :
Name of publisher, distributor, etc. IEEE Press,
Date of publication, distribution, etc. c2001.
300 ## - PHYSICAL DESCRIPTION
Extent viii, 523 p. :
Other physical details ill. ;
Dimensions 29 cm.
500 ## - GENERAL NOTE
General note "IEEE Control Systems Society, sponsor."
500 ## - GENERAL NOTE
General note "A selected reprint volume."
504 ## - BIBLIOGRAPHY, ETC. NOTE
Bibliography, etc. note Includes bibliographical references and index.
650 #0 - SUBJECT ADDED ENTRY--TOPICAL TERM
Topical term or geographic name entry element Automatic control.
650 #0 - SUBJECT ADDED ENTRY--TOPICAL TERM
Topical term or geographic name entry element Control theory.
700 1# - ADDED ENTRY--PERSONAL NAME
Personal name Başar, Tamer.
710 2# - ADDED ENTRY--CORPORATE NAME
Corporate name or jurisdiction name as entry element IEEE Control Systems Society.
856 42 - ELECTRONIC LOCATION AND ACCESS
Materials specified Contributor biographical information
Uniform Resource Identifier <a href="http://www.loc.gov/catdir/bios/wiley044/00058171.html">http://www.loc.gov/catdir/bios/wiley044/00058171.html</a>
856 42 - ELECTRONIC LOCATION AND ACCESS
Materials specified Publisher description
Uniform Resource Identifier <a href="http://www.loc.gov/catdir/description/wiley037/00058171.html">http://www.loc.gov/catdir/description/wiley037/00058171.html</a>
856 4# - ELECTRONIC LOCATION AND ACCESS
Materials specified Table of Contents
Uniform Resource Identifier <a href="http://www.loc.gov/catdir/toc/onix07/00058171.html">http://www.loc.gov/catdir/toc/onix07/00058171.html</a>
906 ## - LOCAL DATA ELEMENT F, LDF (RLIN)
a 0
b vip
c orignew
d 1
e ocip
f 20
g y-gencatlg
942 ## - ADDED ENTRY ELEMENTS (KOHA)
Source of classification or shelving scheme
Koha item type Book
Holdings
Withdrawn status Lost status Damaged status Not for loan Collection code Permanent Location Current Location Shelving location Date acquired Source of acquisition Cost, normal purchase price Total Checkouts Full call number Barcode Date last seen Price effective from Koha item type
          Central Library (CL) Central Library (CL) General Stacks 07/03/2013 Multiline Books 15298.91   629.8 BAS SEECS012593 05/24/2023 07/12/2013 Book
© 2023 Central Library, National University of Sciences and Technology. All Rights Reserved.